Republic of Madagascar : Fourth Review Under the Extended Credit Facility and Request for Modification of Performance Criteria-Press Release; Staff Report; and Statement by the Executive Director for the Republic of Madagascar.

This paper discusses Madagascar's Fourth Review under the Extended Credit Facility (ECF) and Request for Modification of Performance Criteria. Madagascar's economic recovery continued in 2018, notwithstanding challenges related to the presidential election in November/December 2018. While...

Fuld beskrivelse

Bibliografiske detaljer
Institution som forfatter: International Monetary Fund. African Dept
Format: Tidsskrift
Sprog:English
Udgivet: Washington, D.C. : International Monetary Fund, 2019.
Serier:IMF Staff Country Reports; Country Report ; No. 2019/089
Online adgang:Full text available on IMF
LEADER 02378cas a2200241 a 4500
001 AALejournalIMF019178
008 230101c9999 xx r poo 0 0eng d
020 |c 5.00 USD 
020 |z 9781498305839 
022 |a 1934-7685 
040 |a BD-DhAAL  |c BD-DhAAL 
110 2 |a International Monetary Fund.  |b African Dept. 
245 1 0 |a Republic of Madagascar :   |b Fourth Review Under the Extended Credit Facility and Request for Modification of Performance Criteria-Press Release; Staff Report; and Statement by the Executive Director for the Republic of Madagascar. 
264 1 |a Washington, D.C. :  |b International Monetary Fund,  |c 2019. 
300 |a 1 online resource (85 pages) 
490 1 |a IMF Staff Country Reports 
500 |a <strong>Off-Campus Access:</strong> No User ID or Password Required 
500 |a <strong>On-Campus Access:</strong> No User ID or Password Required 
506 |a Electronic access restricted to authorized BRAC University faculty, staff and students 
520 3 |a This paper discusses Madagascar's Fourth Review under the Extended Credit Facility (ECF) and Request for Modification of Performance Criteria. Madagascar's economic recovery continued in 2018, notwithstanding challenges related to the presidential election in November/December 2018. While some economic pressures developed in the second half of 2018, economic conditions remained generally positive. The discussions focused on maintaining progress on the key objectives of the program, especially boosting fiscal space for priority investment and social spending by containing lower priority spending. The main challenges involved fuel pricing and transfers to the public utility, JIRAMA. Other issues included structural reforms to promote inclusive growth, most notably in investment capacity, the financial sector, and governance. The outlook continues to be generally positive. Pursuit of economic reforms should yield results, while the pressures in 2018 from higher oil prices and pre-electoral weakness in confidence abate under the baseline. As a low-income country with an open economy, Madagascar remains vulnerable to exogenous shocks. 
538 |a Mode of access: Internet 
830 0 |a IMF Staff Country Reports; Country Report ;  |v No. 2019/089 
856 4 0 |z Full text available on IMF  |u http://elibrary.imf.org/view/journals/002/2019/089/002.2019.issue-089-en.xml  |z IMF e-Library